000 00496cam a22002051 4500
001 sa 65001899
003 DLC
005 20260227112112.0
008 070612s1950 pk 000 1 urdr
010 _asa 65001899
040 _aDLC
_cDLC
_dDLC
050 0 0 _aPK2200.H342
_bB28
100 1 _aHamid, Abdul,
_d1928-2011.
245 1 0 _aBarf bārī kī rāt.
260 _c[1950]
300 _a207 p.
_c19 cm.
500 _aIn Urdu.
500 _aText partially vocalized.
500 _aA novel.
999 _c62292
_d62292